[Event "Sparkassen Open A"]
[Site "Dortmund GER"]
[Date "2012.07.14"]
[Round "1.26"]
[White "Hassler, Rolf"]
[Black "Krueger, Andre"]
[Result "1/2-1/2"]
[WhiteElo "1897"]
[BlackElo "2143"]
[WhiteFideId "4638255"]
[BlackFideId "4665040"]
[EventDate "2012.07.14"]

1. e4 c6 2. d4 d5 3. exd5 cxd5 4. c3 Nc6 5. Bd3 Nf6 6. Bf4 g6 7. Nf3 Bg7 8. Nbd2
O-O 9. Qc2 Bd7 10. h4 Rc8 11. Qb3 Na5 12. Qc2 Nh5 13. Bh2 b5 14. a3 Nc4 15. Ne5
Bh6 16. Ndf3 Nf4 17. Bxf4 Bxf4 18. h5 Nxe5 19. Nxe5 Bxe5 20. dxe5 Qb6 21. Qd2 f5
22. Qg5 Rf7 23. O-O h6 24. Qxh6 Rg7 25. hxg6 Rxg6 26. Qh4 Qe6 27. f4 Rg4 28. Qh2
Kg7 29. Rf3 Rh8 30. Rh3 Rxh3 31. Qxh3 Rxf4 32. Qe3 Rg4 33. Qxa7 Bc6 34. Re1 d4
35. Bf1 dxc3 36. bxc3 Be4 37. Qc5 Qh6 38. Qd4 Qc6 39. e6+ Kh7 40. Qf2 Qxe6 41.
Qc5 Qf6 42. Qxb5 Qxc3 43. Qe8 Kh6 44. Qf8+ Kg6 45. Qg8+ Kh6 46. Qf8+ Kg6 1/2-1/2

[Event "Sparkassen Open A"]
[Site "Dortmund GER"]
[Date "2012.07.14"]
[Round "1.27"]
[White "Faust, Martin"]
[Black "Koch, Till"]
[Result "1-0"]
[WhiteElo "2133"]
[BlackElo "1892"]
[WhiteFideId "4623517"]
[BlackFideId "24688142"]
[EventDate "2012.07.14"]

1. e4 e6 2. d4 d5 3. Nc3 dxe4 4. Nxe4 Nf6 5. Nxf6+ Qxf6 6. Nf3 h6 7. Bd3 Nc6 8.
Be3 Bd6 9. Qd2 Qe7 10. c3 Bd7 11. O-O O-O-O 12. Rfe1 Qf8 13. b4 g5 14. b5 Nb8
15. Rec1 f5 16. Qc2 f4 17. Bd2 g4 18. Ne5 Qf6 19. c4 Qg5 20. Nf7 Qe7 21. Nxh8 1-0

[Event "Sparkassen Open A"]
[Site "Dortmund GER"]
[Date "2012.07.14"]
[Round "1.28"]
[White "Elefteriadis, Paul-Gabriel"]
[Black "Baumhackel, Mario"]
[Result "0-1"]
[WhiteElo "1880"]
[BlackElo "2126"]
[WhiteFideId "24626236"]
[BlackFideId "4636953"]
[EventDate "2012.07.14"]

1. d4 d5 2. c4 e6 3. Nf3 c6 4. Qc2 f5 5. Bf4 Nf6 6. e3 Bb4+ 7. Nbd2 Ne4 8. a3
Qa5 9. Rd1 Be7 10. cxd5 exd5 11. Bd3 O-O 12. O-O Nd7 13. Ne5 Qb6 14. Nb3 a5 15.
f3 a4 16. Nd2 Nd6 17. Nb1 Nf6 18. Nc3 Qa7 19. h3 g6 20. Kh1 Be6 21. g4 Nd7 22.
Rg1 Nxe5 23. Bxe5 Nc4 24. Bf4 Kh8 25. Rde1 b5 26. Bh6 Rf7 27. gxf5 gxf5 28. Qg2
Bf6 29. Bg5 Rg8 30. Bxf6+ Rxf6 31. Qe2 Rh6 32. Rxg8+ Kxg8 33. Qg2+ Kf8 34. Bxc4
bxc4 35. Qg3 Kf7 36. h4 Qe7 37. Qe5 Qxh4+ 38. Kg1 Qxe1+ 0-1

[Event "Sparkassen Open A"]
[Site "Dortmund GER"]
[Date "2012.07.14"]
[Round "1.29"]
[White "Brem, Stephan"]
[Black "Imcke, Patrick"]
[Result "0-1"]
[WhiteElo "2121"]
[BlackElo "1874"]
[WhiteFideId "4617266"]
[BlackFideId "4622502"]
[EventDate "2012.07.14"]

1. f4 e5 2. fxe5 d6 3. exd6 Bxd6 4. Nf3 g5 5. g3 g4 6. Nh4 Nc6 7. c3 h5 8. d4
Be7 9. Ng2 h4 10. Bf4 Nf6 11. Nxh4 Rxh4 12. gxh4 Ne4 13. Bg3 Bxh4 14. Qd3 Bf5
15. Qb5 Qg5 16. e3 Qxe3+ 17. Be2 Nd6 18. Qb3 Bxg3+ 19. hxg3 Qxg3+ 20. Kd1 O-O-O
21. Nd2 Re8 22. Rf1 Qe3 23. Re1 Kb8 24. Nc4 Nxc4 25. Qxc4 Qe4 26. Rc1 Ne5 27.
Qa4 c6 28. Ba6 Qf3+ 29. Be2 Qe4 30. Ba6 Qf3+ 31. Be2 Qf4 32. Rf1 Nf3 33. Bxf3
gxf3 34. Qc4 Qe4 35. Kd2 Qe3+ 36. Kd1 f2 0-1

[Event "Sparkassen Open A"]
[Site "Dortmund GER"]
[Date "2012.07.14"]
[Round "1.30"]
[White "Schwarz, Larissa"]
[Black "Steinmetzer, Thomas"]
[Result "0-1"]
[WhiteElo "1870"]
[BlackElo "2114"]
[WhiteFideId "24699004"]
[BlackFideId "4689690"]
[EventDate "2012.07.14"]

1. e4 e5 2. Nf3 Nc6 3. Bb5 a6 4. Ba4 Nf6 5. O-O Be7 6. Re1 b5 7. Bb3 O-O 8. h3
d6 9. c3 Na5 10. Bc2 c5 11. d4 Qc7 12. Nbd2 cxd4 13. cxd4 Bb7 14. d5 Rfc8 15.
Bb1 g6 16. Nb3 Nc4 17. Nbd2 Nb6 18. Nf1 Nh5 19. Ne3 a5 20. Bd3 Ba6 21. Bd2 Na4
22. Rc1 Qb6 23. Rxc8+ Rxc8 24. Qb1 Nf4 25. Bf1 b4 26. b3 Bxf1 27. Kxf1 Qa6+ 28.
Nc4 Nb6 29. Bxf4 Nxc4 30. bxc4 Qxc4+ 31. Kg1 exf4 32. Nd2 Qc2 33. Nb3 Bh4 34.
Rf1 Bxf2+ 35. Kh1 Qxb1 36. Rxb1 Bb6 37. Rc1 Rc3 38. Rf1 g5 39. h4 h6 40. hxg5
hxg5 41. Kh2 a4 42. Nd2 Rc2 43. Nf3 f6 0-1

[Event "Sparkassen Open A"]
[Site "Dortmund GER"]
[Date "2012.07.14"]
[Round "1.31"]
[White "Schiefelbusch, Dirk"]
[Black "Simanowski, Mio"]
[Result "1-0"]
[WhiteElo "2109"]
[BlackElo "1858"]
[WhiteFideId "4694139"]
[BlackFideId "24687154"]
[EventDate "2012.07.14"]

1. b4 Nf6 2. Bb2 e6 3. b5 d5 4. e3 c6 5. a4 Be7 6. Nf3 O-O 7. c4 c5 8. Be2 b6 9.
O-O Nbd7 10. Nc3 Bb7 11. d4 Qc7 12. cxd5 Nxd5 13. Nxd5 Bxd5 14. dxc5 Nxc5 15.
Nd4 Bd6 16. h3 Rfd8 17. Bf3 Bxf3 18. Qxf3 Nd3 19. Ba3 Ne5 20. Qe4 Bxa3 21. Rxa3
Qd6 22. Rc3 Nd7 23. Nc6 Re8 24. Rd3 Qc7 25. Rd4 Nc5 26. Qh4 e5 27. Rd5 Re6 28.
Rfd1 f6 29. Qc4 Kf7 30. Nd8+ Rxd8 31. Rxd8 Qe7 32. Qh4 f5 33. Qxh7 Rf6 34. Qh5+
g6 35. Qh8 Re6 36. Rg8 Qf6 37. Qh7+ 1-0

[Event "Sparkassen Open A"]
[Site "Dortmund GER"]
[Date "2012.07.14"]
[Round "1.32"]
[White "Pedersen, Lars Wisler"]
[Black "Schleich, Theodor"]
[Result "0-1"]
[WhiteElo "1853"]
[BlackElo "2102"]
[WhiteFideId "1417045"]
[BlackFideId "24615218"]
[EventDate "2012.07.14"]

1. e4 e6 2. d4 c5 3. d5 Nf6 4. dxe6 fxe6 5. e5 Nd5 6. Bd3 Qe7 7. Nf3 Nc6 8. O-O
b6 9. Nbd2 Qf7 10. Ng5 Qg8 11. Nc4 Bb7 12. Ne4 O-O-O 13. Ned6+ Bxd6 14. Nxd6+
Kb8 15. Qe2 Ba8 16. Bd2 Nd4 17. Qg4 h5 18. Qd1 g5 19. Be4 Rf8 20. c4 Nc7 21.
Bxa8 Kxa8 22. a4 a5 23. Qe1 g4 24. Bxa5 Nf3+ 25. Kh1 Nxe1 26. Bxb6 Na6 27. Raxe1
h4 28. Rd1 g3 29. Nb5 Rxf2 30. Rfe1 gxh2 0-1

[Event "Sparkassen Open A"]
[Site "Dortmund GER"]
[Date "2012.07.14"]
[Round "1.34"]
[White "Haase, Thomas Konstantin"]
[Black "Fistoul, Michail"]
[Result "1/2-1/2"]
[WhiteElo "1849"]
[BlackElo "2087"]
[WhiteFideId "12916773"]
[BlackFideId "24662976"]
[EventDate "2012.07.14"]

1. e4 e6 2. d4 b6 3. Nf3 Bb7 4. Bd3 c5 5. c3 Nf6 6. Nbd2 Nc6 7. O-O cxd4 8. cxd4
Nb4 9. Bb1 Ba6 10. Re1 Bd3 11. a3 Bxb1 12. Rxb1 Nd3 13. Re3 Nxf2 14. Kxf2 Ng4+
15. Ke2 Nxe3 16. Kxe3 Be7 17. Nf1 O-O 18. Bd2 f5 19. exf5 exf5 20. Qb3+ Kh8 21.
Kf2 Bf6 22. Ne3 Bxd4 23. Nxd4 Qh4+ 24. Kg1 Qxd4 25. Qd5 Qxd5 26. Nxd5 Rae8 27.
Kf2 Re5 28. Nf4 Kg8 29. h4 g6 30. Rd1 Re4 31. Be3 Rf7 32. g3 Rc4 33. Rd2 Kf8 34.
Bd4 Rc6 35. Bc3 Ke8 36. Re2+ Re7 37. Rxe7+ Kxe7 38. Nd5+ Kf7 39. Ke3 Re6+ 40.
Kd3 Rd6 41. Kc4 Rc6+ 42. Kd4 Re6 43. Kd3 b5 44. Bd4 a6 45. b3 Rd6 46. Nc3 h6 47.
a4 bxa4 48. bxa4 g5 49. hxg5 hxg5 50. Ke3 Ke6 51. a5 Rc6 52. Kd3 Rc7 53. Bb6 Rc8
54. Na2 Rh8 1/2-1/2

[Event "Sparkassen Open A"]
[Site "Dortmund GER"]
[Date "2012.07.14"]
[Round "1.35"]
[White "Heinzel, Peter"]
[Black "Huebben, Dominik"]
[Result "1/2-1/2"]
[WhiteElo "2083"]
[BlackElo "1836"]
[WhiteFideId "24682632"]
[BlackFideId "12914347"]
[EventDate "2012.07.14"]

1. b4 e5 2. Bb2 d6 3. e3 f5 4. c4 Nf6 5. Nc3 Be7 6. Nf3 O-O 7. Be2 Nbd7 8. d3 c6
9. O-O Qe8 10. Nd2 Qg6 11. Bf3 Ng4 12. h3 Nh6 13. b5 c5 14. a4 Nf6 15. a5 Rb8
16. Nd5 Nxd5 17. Bxd5+ Kh8 18. f4 Bf6 19. Ra2 exf4 20. Rxf4 Be5 21. Bxe5 dxe5
22. Rf2 f4 23. Be4 Qd6 24. exf4 Rxf4 25. Nf3 Nf5 26. Bxf5 Bxf5 27. Rad2 Qc7 28.
Qa1 Ra8 29. d4 Be4 30. d5 Bxf3 31. Rxf3 Re4 32. Qc3 Re8 33. Rd1 Qd6 34. Rdf1 h6 1/2-1/2

[Event "Sparkassen Open A"]
[Site "Dortmund GER"]
[Date "2012.07.14"]
[Round "1.36"]
[White "Deinert, Wolfgang"]
[Black "Schorra, Helmut"]
[Result "0-1"]
[WhiteElo "1811"]
[BlackElo "2081"]
[WhiteFideId "4685229"]
[BlackFideId "4648692"]
[EventDate "2012.07.14"]

1. e4 c5 2. Nf3 d6 3. d4 cxd4 4. Nxd4 Nf6 5. Nc3 a6 6. Bg5 e6 7. f4 h6 8. Bh4
Be7 9. Qf3 Nbd7 10. O-O-O Qc7 11. g4 g5 12. fxg5 Ne5 13. Qf4 Nfxg4 14. Be2 Qc5
15. Bxg4 hxg5 16. Bxg5 Bxg5 0-1

[Event "Sparkassen Open A"]
[Site "Dortmund GER"]
[Date "2012.07.14"]
[Round "1.37"]
[White "Joppien, Arne"]
[Black "Oberste, Norbert"]
[Result "1-0"]
[WhiteElo "2079"]
[BlackElo "1811"]
[WhiteFideId "4637500"]
[BlackFideId "24608432"]
[EventDate "2012.07.14"]

1. c4 f5 2. d4 e6 3. g3 Nf6 4. Bg2 d5 5. Nf3 Bd6 6. c5 Be7 7. Bg5 c6 8. O-O O-O
9. Nbd2 Nbd7 10. b4 b6 11. Nb3 Qe8 12. Qd3 Bd8 13. Rfc1 b5 14. Ne5 Nxe5 15. dxe5
Nd7 16. Bxd8 Qxd8 17. f4 g5 18. e3 Rf7 19. Nd4 Nb8 20. a4 bxa4 21. Rxa4 a5 22.
Qc2 Rfa7 23. Rca1 Qe7 24. Qa2 h5 25. Nb3 g4 26. Rxa5 Rxa5 27. Nxa5 Qc7 28. Qc2
Ba6 29. Nb3 Qb7 30. Qc3 Bc4 31. Na5 Qb5 32. Ra3 Be2 33. Kf2 Ra6 34. Qd2 Bc4 35.
Nxc4 dxc4 36. Qd8+ Kh7 37. Rxa6 Nxa6 38. Qe7+ Kh8 39. Qf6+ Kh7 40. Qf7+ Kh8 41.
Qxh5+ Kg7 42. Qg5+ Kh7 43. Qe7+ Kh8 44. Qe8+ Kg7 45. Qxc6 Qxc6 46. Bxc6 Nxb4 47.
Bb5 Nd3+ 48. Ke2 Nxc5 49. Bxc4 Kf7 50. Kd2 Ne4+ 51. Kd3 Nf2+ 52. Kd4 Nh3 53. e4
fxe4 54. f5 Ng5 55. Bxe6+ Ke7 56. Bd5 Nf3+ 57. Kxe4 Nxh2 58. Kf4 1-0

[Event "Sparkassen Open A"]
[Site "Dortmund GER"]
[Date "2012.07.14"]
[Round "1.38"]
[White "Strohmann, Marcel"]
[Black "Strathoff, Martin"]
[Result "1-0"]
[WhiteElo "1801"]
[BlackElo "2074"]
[WhiteFideId "1270966"]
[BlackFideId "24609560"]
[EventDate "2012.07.14"]

1. e4 c5 2. Nf3 d6 3. d4 cxd4 4. Nxd4 Nf6 5. Nc3 a6 6. Be2 e5 7. Nb3 Be6 8. O-O
Be7 9. Be3 b5 10. f4 exf4 11. Bxf4 Qb6+ 12. Qd4 Nbd7 13. Rad1 b4 14. Nd5 Nxd5
15. exd5 Bxd5 16. Kh1 Qxd4 17. Rxd4 Be6 18. Rxb4 d5 19. Ra4 Nb6 20. Rxa6 Rxa6
21. Bxa6 Bf6 22. Bb5+ Ke7 23. c3 Ra8 24. a3 Bd7 25. Re1+ Kd8 26. Bxd7 Kxd7 27.
Nc5+ Kc6 28. Nd3 Kb5 29. Bd6 Kc4 30. Nc1 Bg5 31. Bb4 Bxc1 32. Rxc1 Re8 33. Kg1
Kb3 34. Kf2 Kxb2 35. Rd1 Re5 36. Rd3 Nc4 37. a4 Kc2 38. Rf3 f6 39. a5 Nd2 40.
Re3 Ne4+ 41. Ke2 Re6 42. Kf3 f5 43. Kf4 g6 44. h3 h5 45. g4 fxg4 46. hxg4 Kb3
47. gxh5 gxh5 48. Kf5 Rc6 49. Ke5 Kc4 50. Rh3 Nf6 51. Rh4+ Kd3 52. Rf4 Ng4+ 53.
Kxd5 Rg6 54. Rd4+ Ke3 55. Re4+ Kd3 56. Re6 Ne3+ 57. Kd6 Nc4+ 58. Kd7 Rg7+ 59.
Kc6 h4 60. a6 Ra7 61. Kb5 Rh7 62. Re7 Rh8 63. Rd7+ Ke4 64. Kxc4 h3 65. a7 h2 66.
Rh7 Rxh7 67. a8=Q+ Kf4 68. Qf8+ Kg5 69. Be7+ Kg6 70. Qf6+ 1-0

[Event "Sparkassen Open A"]
[Site "Dortmund GER"]
[Date "2012.07.14"]
[Round "1.40"]
[White "Schneidereit, Manfred"]
[Black "Zimmermann, Dirk"]
[Result "1/2-1/2"]
[WhiteElo "1820"]
[BlackElo "2069"]
[WhiteFideId "24622346"]
[BlackFideId "4677498"]
[EventDate "2012.07.14"]

1. e4 d6 2. Nc3 Nf6 3. Bc4 c6 4. Nf3 b5 5. Bd3 Bg4 6. a3 Nbd7 7. Be2 g6 8. d3
Bg7 9. O-O O-O 10. Ng5 Bxe2 11. Nxe2 d5 12. Ng3 h6 13. Nh3 dxe4 14. dxe4 Nc5 15.
f3 Na4 16. Rb1 Qb6+ 17. Kh1 Rfd8 18. Qe1 Nd7 19. Ne2 Qc5 20. b3 Qxc2 21. Be3 Nb2
22. Nd4 Bxd4 23. Bxd4 Nd3 24. Qh4 Nf8 25. Be3 h5 1/2-1/2

[Event "Sparkassen Open A"]
[Site "Dortmund GER"]
[Date "2012.07.15"]
[Round "2.1"]
[White "Sievert, Jan-Thorwald"]
[Black "Zaitsev, Mikhail"]
[Result "0-1"]
[BlackTitle "IM"]
[WhiteElo "2149"]
[BlackElo "2505"]
[WhiteFideId "12940909"]
[BlackFideId "4127560"]
[EventDate "2012.07.14"]

1. d4 d5 2. c4 c5 3. dxc5 d4 4. Nf3 Nc6 5. e3 e5 6. exd4 exd4 7. Bd3 Bxc5 8. O-O
h6 9. a3 a5 10. Re1+ Nge7 11. Nbd2 O-O 12. h3 Bf5 13. Bxf5 Nxf5 14. Ne4 Bb6 15.
Qd3 Nh4 16. Bf4 Ng6 17. Bh2 Bc7 18. Bxc7 Qxc7 19. Nxd4 Qd7 20. Rad1 Rfd8 21. Qe3
Nxd4 22. Nc5 Qe7 23. Rxd4 Rxd4 24. Qxe7 Nxe7 25. Rxe7 Rxc4 26. Nxb7 Rc1+ 27. Kh2
Rc2 28. f4 Rxb2 29. Nd6 Rd8 30. Nxf7 Rdd2 31. Kg3 Rxg2+ 32. Kh4 Rbf2 0-1

[Event "Sparkassen Open A"]
[Site "Dortmund GER"]
[Date "2012.07.15"]
[Round "2.2"]
[White "Podzielny, Karl-Heinz"]
[Black "Faust, Martin"]
[Result "1-0"]
[WhiteTitle "IM"]
[WhiteElo "2438"]
[BlackElo "2133"]
[WhiteFideId "4600215"]
[BlackFideId "4623517"]
[EventDate "2012.07.14"]

1. d4 d6 2. Nf3 Nf6 3. c4 c6 4. Nc3 Bg4 5. h3 Bh5 6. g4 Bg6 7. Nh4 e6 8. Nxg6
hxg6 9. g5 Nfd7 10. e4 Be7 11. h4 Nb6 12. Be3 Na6 13. Qb3 Qc7 14. Rc1 Nd7 15. a3
Rc8 16. Qd1 Qd8 17. Qg4 Rh5 18. Be2 c5 19. d5 e5 20. Qg3 Rh8 21. Bg4 Rb8 22. f4
Nc7 23. Bxd7+ Qxd7 24. fxe5 dxe5 25. Qxe5 Qd6 26. Bf4 Qxe5 27. Bxe5 Bxg5 28. Rd1
Bd8 29. d6 Ne6 30. d7+ 1-0

[Event "Sparkassen Open A"]
[Site "Dortmund GER"]
[Date "2012.07.15"]
[Round "2.3"]
[White "Baumhackel, Mario"]
[Black "Jesse, Ingemars"]
[Result "0-1"]
[WhiteElo "2126"]
[BlackElo "2349"]
[WhiteFideId "4636953"]
[BlackFideId "11602724"]
[EventDate "2012.07.14"]

1. d4 Nf6 2. Nf3 c5 3. e3 g6 4. Be2 Bg7 5. O-O O-O 6. b3 Ne4 7. Bb2 Nc6 8. c3 d5
9. Nbd2 cxd4 10. cxd4 Nd6 11. a3 a5 12. Rc1 Bg4 13. Nb1 Bd7 14. Nc3 e6 15. Na4
b6 16. Nc3 Qb8 17. Rc2 b5 18. Nb1 Rc8 19. Nbd2 b4 20. a4 Qb6 21. Qa1 Rc7 22.
Rfc1 Rac8 23. Bd3 Be8 24. Ne5 Nd8 25. Rxc7 Rxc7 26. Rxc7 Qxc7 27. Nef3 f6 28.
Qb1 Bf7 29. Qc2 Qxc2 30. Bxc2 Nc6 31. Kf1 e5 32. Ke2 e4 33. Ne1 Be6 34. f3 f5
35. f4 h6 36. Kf2 g5 37. g3 Bf6 38. Ng2 Bc8 39. Bd1 Ba6 40. Be2 Bd3 41. Ke1 Bxe2
42. Kxe2 Kf7 43. Kd1 Kg6 44. h3 Nd8 45. Kc2 Ne6 46. Nf1 Nb7 47. Kb1 Nbd8 48. Kc2
Nc6 49. Kb1 Kh5 50. Kc2 Ne7 51. Bc1 Nc6 52. g4+ fxg4 53. Ng3+ Kg6 54. f5+ Kh7
55. fxe6 gxh3 56. Ne1 Kg6 57. Kd1 g4 0-1

[Event "Sparkassen Open A"]
[Site "Dortmund GER"]
[Date "2012.07.15"]
[Round "2.4"]
[White "Schulze, Torben"]
[Black "Steinmetzer, Thomas"]
[Result "1-0"]
[WhiteElo "2309"]
[BlackElo "2114"]
[WhiteFideId "24630560"]
[BlackFideId "4689690"]
[EventDate "2012.07.14"]

1. Nc3 Nf6 2. e4 e5 3. Bc4 Nc6 4. d3 Na5 5. Nge2 Bc5 6. O-O h6 7. a3 Nxc4 8.
dxc4 a5 9. Rb1 d6 10. Qd3 O-O 11. b4 axb4 12. axb4 Bb6 13. Ng3 Be6 14. Nd5 Nxd5
15. cxd5 Bd7 16. c4 Ra2 17. c5 Ba7 18. Be3 f5 19. exf5 h5 20. Qb3 Ra6 21. b5 Ra5
22. b6 Bb8 23. bxc7 Bxc7 24. cxd6 Bxd6 25. Bb6 Ra3 26. Bxd8 Rxb3 27. Rxb3 Rxd8
28. Rxb7 h4 29. Ne4 Bxf5 30. Nxd6 Rxd6 31. Rd1 h3 32. Re7 Rg6 33. g3 Bg4 34. d6
Bxd1 35. d7 Rd6 36. Re8+ Kf7 37. d8=Q Rxd8 38. Rxd8 Bf3 39. Kf1 g5 40. Rd6 g4
41. Ke1 Ke7 42. Ra6 Kf7 43. Kd2 Ke7 44. Ke3 Kf7 45. Rh6 1-0

[Event "Sparkassen Open A"]
[Site "Dortmund GER"]
[Date "2012.07.15"]
[Round "2.7"]
[White "Webb, Laurence E"]
[Black "Schiefelbusch, Dirk"]
[Result "1-0"]
[WhiteTitle "FM"]
[WhiteElo "2265"]
[BlackElo "2109"]
[WhiteFideId "402389"]
[BlackFideId "4694139"]
[EventDate "2012.07.14"]

1. e4 c6 2. d4 d5 3. e5 Bf5 4. Nf3 e6 5. Be2 Ne7 6. O-O Nd7 7. Nh4 Bg6 8. Nd2 c5
9. c3 Nc6 10. Nxg6 hxg6 11. Nf3 Be7 12. Be3 Qb6 13. Rb1 O-O 14. h4 Rfc8 15. g3
Rc7 16. Kg2 Rac8 17. Rh1 cxd4 18. cxd4 Na5 19. h5 Rc2 20. hxg6 fxg6 21. Bd3 Rxb2
22. Rxb2 Qxb2 23. Qa4 Nc6 24. Rb1 Qc3 25. Qd1 Nb6 26. Bxg6 Nd7 27. Rxb7 Nf8 28.
Qb1 Qa5 29. Bg5 Qd8 30. Bxe7 Nxe7 31. Bd3 Rc7 32. Ng5 Rxb7 33. Bh7+ Nxh7 34.
Qxh7+ Kf8 35. Nxe6+ 1-0

[Event "Sparkassen Open A"]
[Site "Dortmund GER"]
[Date "2012.07.15"]
[Round "2.8"]
[White "Schmidt, Kai-Uwe"]
[Black "Gindi, Shachar"]
[Result "0-1"]
[WhiteElo "2051"]
[BlackElo "2245"]
[WhiteFideId "4608755"]
[BlackFideId "2804182"]
[EventDate "2012.07.14"]

1. d4 d5 2. Nf3 e6 3. c4 c5 4. Nc3 Nc6 5. cxd5 exd5 6. g3 Nf6 7. Bg2 Be7 8. O-O
O-O 9. dxc5 Bxc5 10. Bg5 d4 11. Bxf6 Qxf6 12. Ne4 Qe7 13. Nxc5 Qxc5 14. Qd2 Bg4
15. Rac1 Qb6 16. b4 Rad8 17. h3 Bc8 18. a3 Rfe8 19. Qd3 g6 20. Rc5 Bf5 21. Rxf5
gxf5 22. Qxf5 Ne7 23. Qg5+ Ng6 24. Qh6 Ne5 25. Qf4 Nxf3+ 26. Bxf3 Qd6 27. Qg5+
Qg6 28. Qa5 b6 29. Qxa7 d3 30. exd3 Rxd3 31. Bg2 Re2 32. Bf3 Re8 33. Bg2 Kg7 34.
Rc1 Rd2 35. Rc4 Qb1+ 36. Kh2 Rxf2 37. Rg4+ Kh8 38. Qxf7 Rxg2+ 0-1

[Event "Sparkassen Open A"]
[Site "Dortmund GER"]
[Date "2012.07.15"]
[Round "2.10"]
[White "Kartsev, Alexandr"]
[Black "Eckardt, Joshua"]
[Result "1-0"]
[WhiteElo "2208"]
[BlackElo "2057"]
[WhiteFideId "24647110"]
[BlackFideId "12941646"]
[EventDate "2012.07.14"]

1. e4 c6 2. d4 d5 3. Nc3 dxe4 4. Nxe4 Bf5 5. Ng3 Bg6 6. h4 h6 7. h5 Bh7 8. Nf3
e6 9. Bd3 Bb4+ 10. c3 Bxd3 11. Qxd3 Bd6 12. Ne4 Nf6 13. Nxd6+ Qxd6 14. Be3 Nbd7
15. O-O-O O-O-O 16. Kb1 Ng4 17. Nd2 e5 18. Nc4 Qe6 19. d5 cxd5 20. Qxd5 Qxd5 21.
Rxd5 Nxe3 22. fxe3 Kc7 23. Rhd1 a6 24. Kc2 b5 25. Nxe5 Nxe5 26. Rxe5 Rxd1 27.
Kxd1 Rd8+ 28. Kc2 Rd7 29. g4 Kd6 30. Re8 Rc7 31. Ra8 Rc4 32. Rxa6+ Ke7 33. Ra5
Rxg4 34. Rxb5 g6 35. Kd3 Rg2 36. a4 gxh5 37. a5 h4 38. a6 h3 39. a7 h2 40. Rh5 1-0

[Event "Sparkassen Open A"]
[Site "Dortmund GER"]
[Date "2012.07.15"]
[Round "2.12"]
[White "Braeuer, Karl-Heinz"]
[Black "Schmitz, Philipp"]
[Result "0-1"]
[WhiteElo "2202"]
[BlackElo "2053"]
[WhiteFideId "4677218"]
[BlackFideId "1270142"]
[EventDate "2012.07.14"]

1. d4 Nf6 2. Bf4 g6 3. h3 Bg7 4. Nf3 O-O 5. e3 d6 6. c3 Nc6 7. Be2 Nd7 8. O-O e5
9. dxe5 dxe5 10. Bg3 Nc5 11. Na3 Qe7 12. Qc1 Bf5 13. Bc4 Rad8 14. Bh4 Bf6 15.
Bxf6 Qxf6 16. Kh2 Nd3 17. Qc2 e4 18. Nd4 Nce5 19. Qe2 Bg4 20. f3 Qd6 21. g3 Bxf3
22. Nxf3 Nxf3+ 23. Kg2 Nde5 24. Rad1 Qc5 25. Bb3 Rd3 26. Nc2 Rfd8 27. Nb4 Rd2 0-1

[Event "Sparkassen Open A"]
[Site "Dortmund GER"]
[Date "2012.07.15"]
[Round "2.13"]
[White "Butschek, Marc"]
[Black "Ciornei, Dragos"]
[Result "0-1"]
[WhiteElo "1943"]
[BlackElo "2182"]
[WhiteFideId "4630904"]
[BlackFideId "4619200"]
[EventDate "2012.07.14"]

1. e4 e5 2. Nf3 Nc6 3. Bb5 a6 4. Bxc6 dxc6 5. O-O f6 6. c3 Qd3 7. Re1 Bc5 8. b3
Ne7 9. Ba3 Bxa3 10. Nxa3 Be6 11. Re3 Qd6 12. Nc4 Bxc4 13. bxc4 c5 14. Qb3 O-O-O
15. Rb1 b6 16. a4 Nc6 17. d3 Qe6 18. Qc2 Rd6 19. Nd2 Rhd8 20. Rf1 Qd7 21. a5
Nxa5 22. d4 exd4 23. cxd4 Rxd4 24. e5 Rxd2 25. Qe4 Qc6 26. Qg4+ Kb7 27. e6 Re8
28. e7 Qd7 29. Qxg7 Nc6 30. Rfe1 Rxe7 31. Qxf6 Rf7 32. Qh6 Rfxf2 33. Rg3 Qd4 34.
Kh1 Rd1 35. Re3 Qd2 36. Qe6 Rxg2 37. Qh3 Rxe1+ 38. Rxe1 Rxh2+ 39. Qxh2 Qxe1+ 40.
Qg1 Qxg1+ 41. Kxg1 0-1

[Event "Sparkassen Open A"]
[Site "Dortmund GER"]
[Date "2012.07.15"]
[Round "2.14"]
[White "Henkemeier, Michael"]
[Black "Mundorf, Johannes"]
[Result "1-0"]
[WhiteElo "1898"]
[BlackElo "2174"]
[WhiteFideId "24611379"]
[BlackFideId "24672491"]
[EventDate "2012.07.14"]

1. Nf3 e6 2. b3 f5 3. Bb2 Nf6 4. e3 b6 5. Bb5 a6 6. Be2 Bb7 7. O-O g6 8. d4 Bg7
9. Ne5 d6 10. Nd3 O-O 11. Nd2 Nbd7 12. Nf3 Re8 13. Rc1 Qe7 14. Nf4 Rad8 15. Ng5
Nf8 16. Bc4 d5 17. Be2 Ne4 18. Nf3 c5 19. c3 Nd7 20. Ba3 Bf6 21. Nd3 Qg7 22. Nd2
e5 23. Nf3 c4 24. bxc4 dxc4 25. Nde1 b5 26. Nd2 Ng5 27. Rb1 Ne4 28. Bxc4+ bxc4
29. Rxb7 Nxc3 30. Qc2 exd4 31. Nxc4 Nb5 32. Qb3 Kh8 33. Nf3 dxe3 34. Nxe3 Nxa3
35. Qxa3 Be7 36. Qa5 Nc5 37. Ra7 Qf6 38. Nd2 f4 39. Ng4 Qd4 40. Nf3 Qg7 41. Nge5
Rc8 42. h3 Bd8 43. Qc3 Be7 44. Nf7+ Kg8 45. Qxg7+ Kxg7 46. Nd6 Ra8 47. Nxe8+
Rxe8 48. Rc1 Kf6 49. Rxe7 Rxe7 50. Rxc5 Re6 51. Kf1 Rb6 52. Nd2 h6 53. Nb3 g5
54. Ke2 h5 55. Kf3 Rd6 56. Ra5 Kg6 57. Nc5 Rd8 58. h4 Rd5 59. hxg5 Kf5 60. g6
Kxg6 1-0

[Event "Sparkassen Open A"]
[Site "Dortmund GER"]
[Date "2012.07.15"]
[Round "2.15"]
[White "Schmuecker, Marcus"]
[Black "Hecht, Carsten"]
[Result "0-1"]
[WhiteElo "2173"]
[BlackElo "2050"]
[WhiteFideId "4658892"]
[BlackFideId "24693928"]
[EventDate "2012.07.14"]

1. Nf3 Nf6 2. c4 g6 3. Nc3 d5 4. cxd5 Nxd5 5. Qa4+ Bd7 6. Qh4 Nb6 7. d4 Bg7 8.
e4 Nc6 9. Bh6 Bf6 10. Qf4 Nxd4 11. O-O-O Nxf3 12. Qxf3 e5 13. Qe3 c6 14. Kb1 Qe7
15. Rc1 Be6 16. f3 Qb4 17. g4 Qa5 18. h4 Be7 19. h5 O-O-O 20. Qf2 g5 21. Qc2 Rd4
22. Be2 Na4 23. a3 Nc5 24. b4 Qxa3 0-1

[Event "Sparkassen Open A"]
[Site "Dortmund GER"]
[Date "2012.07.15"]
[Round "2.16"]
[White "Sundorf, Jannik"]
[Black "Strohmann, Marcel"]
[Result "1-0"]
[WhiteElo "2170"]
[BlackElo "1801"]
[WhiteFideId "12905380"]
[BlackFideId "1270966"]
[EventDate "2012.07.14"]

1. d4 Nf6 2. c4 g6 3. g3 Bg7 4. Bg2 O-O 5. Nc3 d6 6. e4 e5 7. Nf3 Nc6 8. d5 Ne7
9. O-O Nd7 10. b4 f5 11. Ba3 Nf6 12. Nd2 f4 13. c5 g5 14. b5 g4 15. cxd6 cxd6
16. Nc4 Ne8 17. f3 h5 18. gxf4 exf4 19. e5 Nf5 20. fxg4 hxg4 21. Rxf4 dxe5 22.
Rxg4 Rf7 23. Ne4 Nf6 24. Nxf6+ Qxf6 25. Qf1 e4 26. Bb2 Qe7 27. Qe2 Qc5+ 28. Kh1
Nd4 29. Bxd4 Qxd4 30. Rc1 Bxg4 31. Qxg4 Qxd5 32. Bxe4 Qd7 33. Qg2 Kf8 34. Rg1
Re8 35. Bg6 Ree7 36. Bxf7 Rxf7 37. Re1 Re7 38. Qf3+ Rf7 39. Qe4 Qe7 40. Nd6
Qxe4+ 41. Rxe4 Re7 42. Rxe7 Kxe7 43. Nf5+ 1-0